| 000 | nam a22 7a 4500 | ||
|---|---|---|---|
| 999 |
_c233672 _d233672 |
||
| 003 | Nust | ||
| 005 | 20170309163713.0 | ||
| 008 | 170309b xxu||||| |||| 00| 0 eng d | ||
| 040 | _cDLC | ||
| 082 | _a910.285 BOL | ||
| 245 |
_aGIS Fundamentals: first text on geographic information systems / _cBolstad,Paul |
||
| 260 |
_a Minnesota: _bEidet Press, |
||
| 300 | _a539p. : | ||
| 942 |
_2ddc _cBK |
||